000 01377nam a2200253 a 4500
008 120416s1984 ||||||||||||||||| || u
020 _a0409950750
050 _aHV 7431 Pur
100 _aPurpura, Philip P., 1950-
245 1 0 _aSecurity and loss prevention
260 _aBoston:
_bButterworth
_c1984
300 _axvii, 492p. : ill
350 _a0.00
500 _aIncludes index. -Bibliography: p. 481-482.
650 _aFIRE PREVENTION
650 _aEMPLOYEE THEFT--PREVENTION
650 _aCRIME PREVENTION--MANAGEMENT
650 _aBURGLARY PROTECTION
995 _aANNEX COLLECTION (Main Library)
_D0.00
_e018940
_FCBU-MAIN LIBRARY (Kitwe)
_H1
_I25.95
_jHV 7431 Pur
_UAVAILABLE
_y018940
_ZAnnex Low-Usage Collection
995 _aANNEX COLLECTION (Main Library)
_D0.00
_e018941
_FCBU-MAIN LIBRARY (Kitwe)
_H4
_I25.95
_jHV 7431 Pur
_UAVAILABLE
_y018941
_ZAnnex Low-Usage Collection
995 _aMAIN LIBRARY OPEN ACCESS
_D0.00
_e018939
_FCBU-MAIN LIBRARY (Kitwe)
_H3
_I25.95
_jHV 7431 Pur
_UAVAILABLE
_y018939
_ZMain Library Open Access Collection
995 _aANNEX COLLECTION (Main Library)
_D0.00
_e008669
_FCBU-MAIN LIBRARY (Kitwe)
_H2
_I25.95
_jHV 7431 Pur
_UAVAILABLE
_y008669
_ZAnnex Low-Usage Collection
995 _aTEXTBOOKS (MIN.ENG.)
_D0.00
_e3834
_FCBU-SCHOOL TEXTBOOK COLLECTIONS
_H1
_I0.00
_jSCHOOL TEXTBOOK
_UAVAILABLE
_WJul 20, 2009
_y3834
_ZMain Library Open Access Collection
999 _c80379
_d80379